The poverty curtain : choices for the third world (Record no. 63168)
[ view plain ]
| 000 -LEADER | |
|---|---|
| fixed length control field | 00712nam a22001937a 4500 |
| 003 - CONTROL NUMBER IDENTIFIER | |
| control field | NUST - PNEC |
| 005 - DATE AND TIME OF LATEST TRANSACTION | |
| control field | 20170116180805.0 |
| 008 - FIXED-LENGTH DATA ELEMENTS--GENERAL INFORMATION | |
| fixed length control field | 150422b xxu||||| |||| 00| 0 eng d |
| 020 ## - INTERNATIONAL STANDARD BOOK NUMBER | |
| International Standard Book Number | - |
| 040 ## - CATALOGING SOURCE | |
| Transcribing agency | LIBRARY |
| 082 ## - DEWEY DECIMAL CLASSIFICATION NUMBER | |
| Classification number | 330.91724 HAQ |
| 100 ## - MAIN ENTRY--PERSONAL NAME | |
| 9 (RLIN) | 2925 |
| Personal name | Haq Mahbub ul |
| 245 ## - TITLE STATEMENT | |
| Title | The poverty curtain : choices for the third world |
| Statement of responsibility, etc. | Mahbub ul Haq |
| 260 ## - PUBLICATION, DISTRIBUTION, ETC. | |
| Place of publication, distribution, etc. | New York : |
| Name of publisher, distributor, etc. | Columbia University Press, |
| Date of publication, distribution, etc. | c1976. |
| 300 ## - PHYSICAL DESCRIPTION | |
| Extent | 247 p. : |
| 650 ## - SUBJECT ADDED ENTRY--TOPICAL TERM | |
| 9 (RLIN) | 2926 |
| Topical term or geographic name entry element | Developing countries |
| General subdivision | General |
| 856 ## - ELECTRONIC LOCATION AND ACCESS | |
| Uniform Resource Identifier | <a href="http://www.amazon.com/poverty-curtain-choices-third-world/dp/B007EUIP0Q/ref=sr_1_2?s=books&ie=UTF8&qid=1429684796&sr=1-2&keywords=The+poverty+curtain+%3A+choices+for+the+third+world">http://www.amazon.com/poverty-curtain-choices-third-world/dp/B007EUIP0Q/ref=sr_1_2?s=books&ie=UTF8&qid=1429684796&sr=1-2&keywords=The+poverty+curtain+%3A+choices+for+the+third+world</a> |
| 942 ## - ADDED ENTRY ELEMENTS (KOHA) | |
| Source of classification or shelving scheme | |
| Koha item type | Book |
| Withdrawn status | Lost status | Source of classification or shelving scheme | Damaged status | Not for loan | Permanent Location | Current Location | Shelving location | Date acquired | Source of acquisition | Cost, normal purchase price | Total Checkouts | Full call number | Barcode | Date last seen | Cost, replacement price | Price effective from | Koha item type |
|---|---|---|---|---|---|---|---|---|---|---|---|---|---|---|---|---|---|
| Pakistan Navy Engineering College (PNEC) | Pakistan Navy Engineering College (PNEC) | 12/16/1985 | Royal Book Company / Library / Reference Grant | 60.00 | 330.91724 HAQ | PNECLIB-006758 | 04/22/2015 | 60.00 | 12/16/1985 | Book |
